Almas gemelas y otros asombrosos amoríos
Guardado en:
| Autor principal: | |
|---|---|
| Formato: | Libro |
| Lenguaje: | Undetermined |
| Publicado: |
San José, Costa Rica
Ediciones La Llave
2002
|
| Materias: | |
| Etiquetas: |
Agregar Etiqueta
Sin Etiquetas, Sea el primero en etiquetar este registro!
|
MARC
| LEADER | 00000nam a2200000Ia 4500 | ||
|---|---|---|---|
| 008 | 170316s9999 xx 000 0 und d | ||
| 040 | |a cru BVZT | ||
| 090 | |a 868 L-5a | ||
| 100 | |a León Rojas, Mario Enrique | ||
| 245 | |a Almas gemelas y otros asombrosos amoríos | ||
| 260 | |a San José, Costa Rica | ||
| 260 | |b Ediciones La Llave | ||
| 260 | |c 2002 | ||
| 300 | |a 63 páginas | ||
| 650 | |a LITERATURA COSTARRICENSE | ||
| 650 | |a CUENTOS | ||
| 650 | |a RELATOS | ||
| 999 | |c 11257 |d 11257 | ||
| 942 | |c 15 D |h 868 L-5a |2 z | ||
